Prueba del Chaco - Estadísticas

Estadísticas generales
  • Esta prueba ha sido intentada 29 veces
  • La puntuación promedio es 9 de 16
Estadísticas de respuestas
Pregunta Respuesta % Correcto
Gentilicio Chaqueño
100%
Provincia limitando al norte Formosa
100%
Capital Resistencia
95%
País cuya capital y mitad occidental se encuentra en el Gran Chaco Paraguay
90%
Fibra textil de que Chaco es uno de los mayores productores Algodón
80%
La segunda ciudad más poblada debe su nombre a este presidente Roque Sáenz Peña
70%
Los ríos que sirven como frontera con esa provincia Bermejo
60%
Nombra uno de los idiomas co-oficiales Qom / moqoít / wichí
55%
Nombre de la provincia entre 1951 y 1956 Provincia Presidente Perón
50%
Tipo de arte de que se trata el Bienal del Chaco Escultura
45%
Parque nacional cuyo nombre describe su cobertura vegetal El Impenetrable
40%
Conductora del programa Trato Hecho en 2021 y 2022 Lizy Tagliani
25%
Esta ruta atraviesa en una línea casi perfectamente recta por Chaco Ruta Nacional 16
20%
Especie de mamífero que era considerada extinta pero hoy es un monumento natural provincial Pecarí quimilero
15%
Los ríos que sirven como frontera con esa provincia Tueco
15%
El autódromo de la capital debe su nombre a este inmigrante Santiago "Yaco" Guarnieri
0%
No se encontraron pruebas coincidentes
Distribución de puntuación
Porcentaje de gente con cada puntuación
Porcentaje por número respondido
Historial de tus puntuaciones
No has intentado esta prueba.